Chargement en cours...

അനുഷ്ഠാനവിജ്ഞാനം

Détails bibliographiques
Auteurs principaux: മേല്‍ക്കുളങ്ങര അജികുമാര്‍, Melkulangara Ajikumar
Format: Printed Book
Publié: Trivandrum; Akshara; 2005
Édition:1st
Sujets:
LEADER 00721nam a22001817a 4500
082 |a 133.5  |b AJI/A P5 
100 |a മേല്‍ക്കുളങ്ങര അജികുമാര്‍  |9 287201 
100 |a Melkulangara Ajikumar  |9 287202 
240 |a Anushdana Vijnjanam 
245 |a അനുഷ്ഠാനവിജ്ഞാനം 
250 |a 1st 
260 |a Trivandrum;  |b Akshara;  |c 2005 
300 |a 643P. 
650 |a മലയാളം; ജ്യോതിഷം   |9 287203 
650 |a Malayalam; Astrology   |9 287204 
942 |c BK 
999 |c 55382  |d 55382 
952 |0 0  |1 0  |4 0  |6 133_500000000000000_AJI_A_P5  |7 0  |8 REF  |9 66083  |a MAL  |b MAL  |d 2016-06-23  |e 48073  |g 330.00  |l 0  |o 133.5 AJI/A P5  |p MAL048073  |r 2016-06-23  |t 1  |w 2016-06-23  |y REF